UBT Library

The World Book atlas. (Record no. 44319)

000 -LEADER
fixed length control field 00631nem a2200265 4500
001 - CONTROL NUMBER
control field 258884
005 - DATE AND TIME OF LATEST TRANSACTION
control field 20180307080512.0
007 - PHYSICAL DESCRIPTION FIXED FIELD--GENERAL INFORMATION
fixed length control field ad canzn
008 - FIXED-LENGTH DATA ELEMENTS--GENERAL INFORMATION
fixed length control field 930217s1992 ilu e eng
010 ## - LIBRARY OF CONGRESS CONTROL NUMBER
LC control number 91067342
020 ## - INTERNATIONAL STANDARD BOOK NUMBER
International Standard Book Number 0716626934
034 0# - CODED CARTOGRAPHIC MATHEMATICAL DATA
Category of scale a
040 ## - CATALOGING SOURCE
Original cataloging agency DLC
Transcribing agency DLC
Modifying agency DLC
041 ## - LANGUAGE CODE
Language code of text/sound track or separate title eng
080 ## - UNIVERSAL DECIMAL CLASSIFICATION NUMBER
Universal Decimal Classification number 912 mic
082 00 - DEWEY DECIMAL CLASSIFICATION NUMBER
Classification number 912 mic
Edition number 20
100 ## - Rafti
Rafti 42
101 ## - Shkurtesa
Shkurtesa geo
245 14 - TITLE STATEMENT
Title The World Book atlas.
255 ## - CARTOGRAPHIC MATHEMATICAL DATA
Statement of scale Scales differ.
504 ## - BIBLIOGRAPHY, ETC. NOTE
Bibliography, etc Includes bibliographical references (p. 302-303).
906 ## - LOCAL DATA ELEMENT F, LDF (RLIN)
a 7
b cbu
c orignew
d 2
e opcn
f 19
g y-geogmaps
942 ## - ADDED ENTRY ELEMENTS (KOHA)
Source of classification or shelving scheme
Item type Books
Holdings
Withdrawn status Lost status Source of classification or shelving scheme Damaged status Not for loan Collection code Permanent location Current location Shelving location Date acquired Total Checkouts Full call number Barcode Date last seen Price effective from Koha item type
          Koleksioni i përgjithshem UBT - Lipjan UBT - Lipjan Koleksioni i përgjithshem 03/07/2018   912 mic 002-3001049 03/07/2018 03/07/2018 Books
          Koleksioni i përgjithshem UBT - Lipjan UBT - Lipjan Koleksioni i përgjithshem 03/07/2018   912 mic 002-3001044 03/07/2018 03/07/2018 Books
UBT Library © 2015-2024. All rights reserved University Education for Business and Technology